000 00409nam a2200169Ia 4500
008 110201s9999 xx 000 0 und d
082 _bB7068
_aE 288
100 _aBetty Neels
245 _aThe Magic of Living
260 _bMills and Boon Limited
365 _b0
600 _aBetty Neels
630 _aThe Magic of Living
700 _aBetty Neels
730 _aThe Magic of Living
942 _cBOOK
999 _c832633
_d832630